000 01163nam a22002177a 4500
999 _c8157
_d8157
003 AR-CdUCM
008 190322b ||||| |||| 00| 0 spa d
040 _aMUNICIPALIDAD PROVINCIAL DEL CUSCO
_cBIBLIOTECA MUNICIPAL DEL CUSCO
082 _a985.62 /
_bF84
110 _aSamuel Frisancho Pineda
_923018
245 _aMonografía del departamento de Puno /
260 _a[Puno : Los Andes,
_bSamuel B. Frisancho Pineda,
_c1983.
300 _atomos ;
_bilustraciones ;
_c21 cm.
500 _aDonación familia Nieto. Ensayos acerca de la historia, geografía, tradiciones y leyendas de Puno. Versa, asimismo, sobre los movimientos institucionales y de grupos, finalizando con las biografías de los personajes más representativos de Puno.
505 _aContenido : t.9 : Danzas del altiplano de Puno -- Creencias y supersticiones relacionadas con las enfermedades del Altiplano puneño -- Embarazo, parto y puerpero entre los aymaras -- El matrimonio en la comunidad de Llachón, Capachica -- La protesta de 1901 ...
650 _aPuno - Perú
_917146
650 _aTradición - Cultura
_923019
650 _aSociedad
_953
942 _2ddc
_cLIBROS
945 _azta